000 00617nam a2200241 a 4500
001 nice12345678
003 IN_TiNIC
005 20260116012404.0
008 050524s1981 alia grp 000 0 eng
020 _a
_c4.5
082 0 0 _a297.8
_bALA
100 _aAlam, Mohd Manzoor
245 _aIslamic Movement
_b Intellectual and Practical Dynamism.
260 _aAligarh
_bCrescent Publishing Company,
_c1981
300 _a27p
500 _aincludes index and biblioraphy
505 2 _aIndex
650 _aIslam-Movements
700 1 _aAlam, Mohd Manzoor
902 _bSRS
942 _cBK
999 _c6821
_d6821